Statistics for Every B.o.B song that hit the Billboard hot 100

Click here to take the quiz!

General Stats

  • This quiz has been taken 11 times
  • The average score is 7 of 20

Answer Stats

Peak Chart PositionYearSong% Correct
22010Airplanes
91%
12010Nothin' On You
82%
72011Strange Clouds
64%
102010Magic
64%
112012So Good
64%
182012Both Of Us
45%
232011Price Tag
45%
532014HeadBand
45%
722010Bet I
27%
672010Don't Let Me Fall
27%
642013We Still In This Bitch
27%
622014Up Down (Do This All Day)
27%
692014John Doe
18%
292014Paranoid
18%
782011We Don't Get Down Like Y'all
18%
882013Memories Back Then
18%
902015Hood Go Crazy
18%
982012Play The Guitar
18%
802015Not For Long
9%
852011I Am The Champion
0%

Score Distribution

Percentile by Number Answered

Percent of People with Each Score

Your Score History

You have not taken this quiz